000 00550nam a2200229 a 4500
001 nice12345678
003 IN_TiNIC
005 20260116012354.0
008 050524s1978 sina grp 000 0 eng
020 _a
_c100
082 0 0 _a266
_bCCA5
245 _aSuffering and Hope.
260 _aSingapur
_bChristian Conference India
_c1978
300 _a83p
500 _aincludes index and biblioraphy
505 2 _aAppendix
650 _aMissions
710 2 _aChristian Conference of Asia
902 _bSRS
942 _cBK
999 _c6748
_d6748